[Event "Mittelfranken-chTB1 1718"]
[Site "Mittelfranken"]
[Date "2018.02.18"]
[Round "5.7"]
[White "Reiner, Heinrich"]
[Black "Weber, Alexander"]
[Result "0-1"]
[WhiteElo "1721"]
[BlackElo "1810"]
[PlyCount "94"]
[EventDate "2017.10.08"]
[EventType "team-tourn"]
[EventRounds "9"]
[EventCountry "GER"]
[SourceTitle "EXT 2022"]
[Source "ChessBase"]
[SourceDate "2021.10.06"]
[SourceVersion "1"]
[SourceVersionDate "2021.10.06"]
[SourceQuality "1"]
[WhiteTeam "Erlangen Siemens"]
[BlackTeam "Erlangen SC III"]
[WhiteTeamCountry "GER"]
[BlackTeamCountry "GER"]

1. Nf3 d5 2. b3 c5 3. e3 Bg4 4. Bb2 Nc6 5. Be2 e6 6. 0-0 Nf6 7. d4 Qc7 8. Nbd2 Bd6 9. Rc1 cxd4 10. exd4 0-0 11. c4 Bf4 12. cxd5 Nxd5 13. Ne5 Bxe2 14. Qxe2 Bxd2 15. Qxd2 Qd6 16. a3 Nxe5 17. dxe5 Qd7 18. Rc4 Rac8 19. Rfc1 Rxc4 20. Rxc4 Rc8 21. h4 Rxc4 22. bxc4 Nb6 23. Qxd7 Nxd7 24. f4 Nb6 25. c5 Nd5 26. g3 h5 27. Kf2 Ne7 28. Bc3 Kf8 29. Kf3 Ke8 30. g4 hxg4+ 31. Kxg4 Kd7 32. h5 Kc6 33. Bd4 Nf5 34. Bf2 a6 35. a4 Kd5 36. Kf3 Kc4 37. Ke4 Kb4 38. Kd3 Kxa4 39. Kc4 Ne7 40. Bh4 Nd5 41. Bg5 Ne3+ 42. Kd3 Nf5 43. Kc4 a5 44. Bd8 Ng3 45. c6 bxc6 46. Kc5 Nxh5 47. Bg5 Kb3 0-1

[Event "Mittelfranken-chTB2b 1314"]
[Site "Mittelfranken"]
[Date "2014.01.12"]
[Round "4.7"]
[White "Reiner, Heinrich"]
[Black "Abmayr, Bernhard"]
[Result "1-0"]
[WhiteElo "1699"]
[BlackElo "1770"]
[PlyCount "81"]
[EventDate "2013.10.20"]
[EventType "team-tourn"]
[EventRounds "9"]
[EventCountry "GER"]
[SourceTitle "EXT 2020"]
[Source "ChessBase"]
[SourceDate "2019.10.17"]
[SourceVersion "1"]
[SourceVersionDate "2019.10.17"]
[SourceQuality "1"]
[WhiteTeam "Siemens Erlangen"]
[BlackTeam "Uttenreuth"]
[WhiteTeamCountry "GER"]
[BlackTeamCountry "GER"]

1. Nf3 Nf6 2. c4 c5 3. Nc3 Nc6 4. g3 e6 5. Bg2 Be7 6. 0-0 0-0 7. d4 d5 8. cxd5 Nxd5 9. e4 Nxc3 10. bxc3 c4 11. Qe2 Na5 12. Bf4 Bd6 13. e5 Be7 14. Nd2 Qb6 15. Rab1 Qa6 16. h4 Bd7 17. h5 f6 18. exf6 Bxf6 19. Rfe1 Kh8 20. Ne4 Rac8 21. h6 Rf7 22. Nd6 Re7 23. Nxc8 Bxc8 24. Be5 Nc6 25. hxg7+ Bxg7 26. Bxg7+ Rxg7 27. Be4 Ne7 28. Qh5 Ng6 29. Bxg6 Rxg6 30. d5 Qd6 31. Qe5+ Qxe5 32. Rxe5 exd5 33. Rxd5 Rc6 34. Re1 Rc7 35. f3 Kg7 36. Ree5 a6 37. Rc5 Rxc5 38. Rxc5 Be6 39. Rc7+ Kg6 40. Rxb7 Bd5 41. Rb6+ 1-0

[Event "Mittelfranken-chTB2b 1213"]
[Site "Germany"]
[Date "2013.04.21"]
[Round "8.7"]
[White "Reiner, Heinrich"]
[Black "Sawitzki, Nikolaus"]
[Result "1-0"]
[WhiteElo "1731"]
[BlackElo "1657"]
[PlyCount "100"]
[EventDate "2012.10.07"]
[EventType "team-tourn"]
[EventRounds "9"]
[EventCountry "GER"]
[SourceTitle "EXT 2019"]
[Source "ChessBase"]
[SourceDate "2018.10.10"]
[SourceVersion "1"]
[SourceVersionDate "2018.10.10"]
[SourceQuality "1"]
[WhiteTeam "Erlangen Siemens"]
[BlackTeam "Fuerth SG"]
[WhiteTeamCountry "GER"]
[BlackTeamCountry "GER"]

1. Nf3 Nf6 2. b3 Nc6 3. Bb2 e6 4. g3 d5 5. Bg2 Bd6 6. 0-0 e5 7. d3 0-0 8. Nbd2 h6 9. a3 Be6 10. e3 Bg4 11. h3 Bh5 12. c4 Re8 13. cxd5 Nxd5 14. Qc2 Nde7 15. Nc4 f6 16. Rad1 Bg6 17. Nh4 Bh7 18. f4 Rb8 19. f5 Qd7 20. g4 Nc8 21. Bd5+ Kh8 22. Be6 Qe7 23. d4 Qxe6 24. d5 Qd7 25. Nxd6 Nb4 26. axb4 Nxd6 27. e4 Nf7 28. Rc1 Rbc8 29. Rfd1 Qd6 30. Qc4 a6 31. Kg2 Ng5 32. Nf3 b5 33. Nxg5 hxg5 34. Qc5 Red8 35. Qxd6 Rxd6 36. Rc6 Bg8 37. Rdc1 Ra8 38. Rxd6 cxd6 39. Rc6 a5 40. Rxd6 axb4 41. Rc6 Ra2 42. Rc2 Bf7 43. Rd2 Be8 44. Kg3 Kg8 45. h4 gxh4+ 46. Kxh4 Kf7 47. g5 Ke7 48. g6 Kd6 49. Bxe5+ Kxe5 50. Rxa2 Kxe4 1-0

[Event "Mittelfranken-chTB2b 1112"]
[Site "Germany"]
[Date "2012.02.05"]
[Round "6.6"]
[White "Reiner, Heinrich"]
[Black "Walther, Reinhard1111"]
[Result "1-0"]
[WhiteElo "1729"]
[BlackElo "1887"]
[PlyCount "53"]
[EventDate "2011.09.25"]
[EventType "team-tourn"]
[EventRounds "9"]
[EventCountry "GER"]
[SourceTitle "EXT 2013"]
[Source "ChessBase"]
[SourceDate "2012.11.22"]
[SourceVersion "1"]
[SourceVersionDate "2012.11.22"]
[SourceQuality "1"]
[WhiteTeam "Erlangen Siemens"]
[BlackTeam "Herzogenaurach"]
[WhiteTeamCountry "GER"]
[BlackTeamCountry "GER"]

1. Nf3 Nf6 2. d4 g6 3. c4 c6 4. Nc3 d5 5. e3 Bg7 6. Qc2 0-0 7. Bd3 Na6 8. a3 dxc4 9. Bxc4 b5 10. Bd3 Bb7 11. 0-0 Nc7 12. b4 a5 13. Bb2 axb4 14. axb4 Qd6 15. Qb3 Ne6 16. Ne4 Qb8 17. Ne5 Rd8 18. Nxf7 Rd5 19. Ne5 Nxe4 20. Bxe4 Ng5 21. Nxc6 Nxe4 22. Qxd5+ Kf8 23. Qxe4 Qd6 24. Rxa8+ Bxa8 25. Rc1 Bxc6 26. Qxc6 Qxb4 27. Qc3 1-0

[Event "Mittelfrankenliga-B2a 0607"]
[Site "Mittelfranken"]
[Date "2007.01.14"]
[Round "4.8"]
[White "Peiberg, Ehrhard"]
[Black "Reiner, Heinrich"]
[Result "0-1"]
[WhiteElo "1720"]
[BlackElo "1853"]
[PlyCount "48"]
[EventDate "2006.10.22"]
[EventType "team-tourn"]
[EventRounds "9"]
[EventCountry "GER"]
[SourceTitle "EXT 2011"]
[Source "ChessBase"]
[SourceDate "2010.11.26"]
[SourceVersion "1"]
[SourceVersionDate "2010.11.26"]
[SourceQuality "1"]
[WhiteTeam "Erlangen SC II"]
[BlackTeam "Erlangen Siemens"]
[WhiteTeamCountry "GER"]
[BlackTeamCountry "GER"]

1. d4 d5 2. c4 c6 3. cxd5 cxd5 4. Nc3 Nc6 5. Nf3 Nf6 6. Bf4 e6 7. e3 Bd6 8. Bxd6 Qxd6 9. Bd3 0-0 10. 0-0 a6 11. Rc1 Bd7 12. Bb1 b5 13. Re1 Rac8 14. e4 dxe4 15. Nxe4 Nxe4 16. Rxe4 Rfd8 17. Ne5 Nxd4 18. Rxc8 Bxc8 19. f4 Qb6 20. Kh1 Nf5 21. Qc2 g6 22. g4 Ne3 23. Rxe3 Qxe3 24. Nd3 Bb7+ 0-1